Философские произведения; Философское дело Эразма из Ротердама; Послание к Паулю Вольцу; Оружие христианского воина; Диатриба, или рассуждение о свободе воли; Гипераспистес I; О рабстве воли; Из переписки Мартина Лютера и Эразма Ротердамского; Послание к Деметриаде
| Autore principale: | |
|---|---|
| Lingua: | russo |
| Pubblicazione: |
Москва, Наука, 1986
|
| TOC: | В. В. Соколов, Философское дело Эразма из Ротердама; Послание к Паулю Вольцу; Оружие христианского воина; Диатриба, или рассуждение о свободе воли; Эразм Роттердамский, Дезидерий, Гипераспистес I; М. Лютер, О рабстве воли; Из переписки Мартина Лютера и Эразма Ротердамского; Пелагий, Послание к Деметриаде; |
| Serie: | Памятники философской мысли |
| Soggetti: | |
| Natura: | MixedMaterials Libro |
| KOHA link: | https://koha.lib.tpu.ru/cgi-bin/koha/opac-detail.pl?biblionumber=19717 |
MARC
| LEADER | 00000nam0a2200000 4500 | ||
|---|---|---|---|
| 001 | 19717 | ||
| 005 | 20231101205311.0 | ||
| 035 | |a (RuTPU)RU\TPU\book\19885 | ||
| 035 | |a BOOK00019956 | ||
| 090 | |a 19717 | ||
| 100 | |a 20011209d1986 km y0rusy50 ca | ||
| 101 | 1 | |a rus |c lat | |
| 102 | |a RU | ||
| 105 | |a y z 001zb | ||
| 200 | 1 | |a Философские произведения |f Эразм Роттердамский, Дезидерий | |
| 210 | |a Москва |c Наука |d 1986 | ||
| 215 | |a 702 с. | ||
| 225 | 1 | |a Памятники философской мысли | |
| 320 | |a Примечания и комментарии: с. 636-699. | ||
| 320 | |a Указ. имен: с. 700-702. | ||
| 464 | |t Философское дело Эразма из Ротердама |f В. В. Соколов | ||
| 464 | |t Послание к Паулю Вольцу | ||
| 464 | |t Оружие христианского воина | ||
| 464 | |t Диатриба, или рассуждение о свободе воли | ||
| 464 | |t Гипераспистес I |f Эразм Роттердамский, Дезидерий | ||
| 464 | |t О рабстве воли |f М. Лютер | ||
| 464 | |t Из переписки Мартина Лютера и Эразма Ротердамского | ||
| 464 | |t Послание к Деметриаде |f Пелагий |a Лютер, Мартин | ||
| 600 | 0 | |a Эразм Роттердамский, Дезидерий |c нидерландский гуманист эпохи Возрождения |c писатель |c филолог |f 1469-1536 |2 stltpush |3 (RuTPU)RU\TPU\pers\333 |9 162 | |
| 606 | 1 | |a Средневековая философия |2 stltpush |3 (RuTPU)RU\TPU\subj\56092 |9 74023 | |
| 610 | 1 | |a философия | |
| 610 | 1 | |a история | |
| 610 | 1 | |a средневековая философия | |
| 610 | 1 | |a 15 век | |
| 610 | 1 | |a 16 век | |
| 610 | 1 | |a нидерландская философия | |
| 610 | 1 | |a гуманизм | |
| 686 | |a Ю3(0)41 |2 rubbk | ||
| 700 | 0 | |a Эразм Роттердамский, Дезидерий |c нидерландский гуманист эпохи Возрождения |c писатель |c филолог |f 1469-1536 |2 stltpush |3 (RuTPU)RU\TPU\pers\333 |9 162 | |
| 801 | 0 | |a RU |b 63413507 |c 20011209 |g PSBO | |
| 801 | 2 | |a RU |b 63413507 |c 20150224 |g PSBO | |
| 942 | |c BK | ||